[Event "Gujarat op 1st"]
[Site "Ahmedabad"]
[Date "2018.10.06"]
[Round "2"]
[White "Ritviz, Parab"]
[Black "Umang, Kaisary"]
[Result "1-0"]
[WhiteElo "2252"]
[BlackElo "1869"]
[PlyCount "137"]
[EventDate "2018.10.05"]
[EventType "swiss"]
[EventRounds "10"]
[EventCountry "IND"]
[SourceTitle "CBM 186 Extra"]
[Source "ChessBase"]
[SourceDate "2018.08.24"]
[SourceVersion "1"]
[SourceVersionDate "2018.08.24"]
[SourceQuality "1"]

1. e4 c5 2. Nf3 d6 3. c3 Nf6 4. Bd3 Nc6 5. 0-0 Bg4 6. h3 Bxf3 7. Qxf3 d5 8. exd5 Qxd5 9. Qxd5 Nxd5 10. Be4 0-0-0 11. Na3 g6 12. Nc4 Bg7 13. Re1 f5 14. Bf3 e5 15. d3 h6 16. a4 Rhe8 17. a5 Kc7 18. g3 Nde7 19. Be3 Rxd3 20. Be2 Rd5 21. Na3 b6 22. Bc4 Rdd8 23. b4 cxb4 24. cxb4 Nd5 25. Bxd5 Rxd5 26. Rac1 Kd7 27. axb6 axb6 28. Nc4 Nxb4 29. Nxb6+ Ke6 30. Nxd5 Nxd5 31. Rc6+ Kf7 32. Bc5 Nf6 33. Rb1 Rd8 34. Rb7+ Kg8 35. Be7 Rd7 36. Rxd7 Nxd7 37. Rd6 Nf8 38. Bxf8 Bxf8 39. Rxg6+ Kf7 40. Ra6 Bg7 41. Kg2 e4 42. g4 f4 43. Ra4 f3+ 44. Kf1 Kg6 45. Rxe4 Kg5 46. Re7 Bd4 47. Rf7 Bf6 48. Rf8 Kg6 49. Rb8 Bd4 50. Rb3 Kg5 51. Rxf3 Kh4 52. Kg2 Kg5 53. Rf5+ Kg6 54. f4 Bb2 55. Ra5 Bc3 56. Ra6+ Kg7 57. h4 Bd4 58. g5 h5 59. f5 Kh7 60. Rd6 Be5 61. Rd7+ Kg8 62. Kf3 Bc3 63. Ke4 Be1 64. f6 Bxh4 65. Kf5 Kf8 66. g6 Ke8 67. Re7+ Kd8 68. g7 Bxf6 69. Kxf6 1-0